The complete idiot's guide to Middle East conflict / (Record no. 20238)
[ view plain ]
| 000 -LEADER | |
|---|---|
| fixed length control field | 02164cam a2200361 i 4500 |
| 001 - CONTROL NUMBER | |
| control field | 15176331 |
| 003 - CONTROL NUMBER IDENTIFIER | |
| control field | EG-ScBUE |
| 005 - DATE AND TIME OF LATEST TRANSACTION | |
| control field | 20240502091232.0 |
| 008 - FIXED-LENGTH DATA ELEMENTS--GENERAL INFORMATION | |
| fixed length control field | 080211t2008 nyuab f b 001 0 eng d |
| 020 ## - INTERNATIONAL STANDARD BOOK NUMBER | |
| International Standard Book Number | 1592577911 |
| 020 ## - INTERNATIONAL STANDARD BOOK NUMBER | |
| International Standard Book Number | 9781592577910 |
| 040 ## - CATALOGING SOURCE | |
| Original cataloging agency | DLC |
| Language of cataloging | eng |
| Description conventions | rda |
| Transcribing agency | DLC |
| Modifying agency | DLC |
| -- | EG-ScBUE |
| 043 ## - GEOGRAPHIC AREA CODE | |
| Geographic area code | aw----- |
| 082 04 - DEWEY DECIMAL CLASSIFICATION NUMBER | |
| Classification number | 956.04 |
| Item number | BAR |
| Edition number | 22 |
| 100 1# - MAIN ENTRY--PERSONAL NAME | |
| Personal name | Bard, Mitchell Geoffrey, |
| Dates associated with a name | 1959- |
| Relator term | author. |
| 9 (RLIN) | 39327 |
| 245 14 - TITLE STATEMENT | |
| Title | The complete idiot's guide to Middle East conflict / |
| Statement of responsibility, etc | by Mitchell G. Bard, Ph.D. |
| 246 30 - VARYING FORM OF TITLE | |
| Title proper/short title | Middle East conflict |
| 250 ## - EDITION STATEMENT | |
| Edition statement | Fourth edition. |
| 264 #1 - PUBLICATION, DISTRIBUTION, ETC. (IMPRINT) | |
| Place of publication, distribution, etc | New York : |
| Name of publisher, distributor, etc | Alpha Books / The Penguin Group, |
| Date of publication, distribution, etc | [2008] |
| 264 #4 - PUBLICATION, DISTRIBUTION, ETC. (IMPRINT) | |
| Date of publication, distribution, etc | c2008 |
| 300 ## - PHYSICAL DESCRIPTION | |
| Extent | xxxiii, 462 pages : |
| Other physical details | illustrations, maps ; |
| Dimensions | 24 cm |
| 336 ## - CONTENT TYPE | |
| Source | rdacontent |
| Content type term | text |
| Content type code | txt |
| 337 ## - MEDIA TYPE | |
| Media type term | unmediated |
| Source | rdamedia |
| Media type code | n |
| 338 ## - CARRIER TYPE | |
| Carrier type term | volume |
| Carrier type code | nc |
| Source | rdacarrier |
| 500 ## - GENERAL NOTE | |
| General note | "Get a handle on the problems of a war-torn region" -- on cover. |
| 504 ## - BIBLIOGRAPHY, ETC. NOTE | |
| Bibliography, etc | Includes bibliographical references and index.<br/> |
| 505 ## - FORMATTED CONTENTS NOTE | |
| Formatted contents note | Part 1. In the beginning. Who cares about the Middle East? --<br/>The chosen people -- Part 2. Religion and politics mix. Welcome to the empire -- The Crescent moon -- The Nationalist wave -- Part 3. The great war's spoils. Trouble brewing in Palestine -- This land is my land, this land is your land --<br/>Fighting Hitler and Great Britain -- A state of their own --<br/>The Jewish war of independence -- Part 4. A state for the Jews. The wanted and the unwanted -- We've got a state, now what? --<br/>War over Suez Part 5. War and peace. Six days to victory --<br/>No war, no peace -- Israel's day of infamy -- Peace at last --<br/>Holy warriors -- Iran and Iraq go to war -- Israel's Vietnam --<br/>Part 6. Inching toward peace. Sticks and stones and breaking bones -- Saddam crosses the line -- Bush turns the screws --<br/>Part 7. Why can't we all get along? The oldest city's new rulers -- The shot heard 'round the world -- O Jerusalem! --<br/>Waiting for the Messiah. |
| 650 #7 - SUBJECT ADDED ENTRY--TOPICAL TERM | |
| Topical term or geographic name as entry element | Arab-Israeli conflict. |
| Source of heading or term | BUEsh |
| 9 (RLIN) | 2523 |
| 651 #7 - SUBJECT ADDED ENTRY--GEOGRAPHIC NAME | |
| Geographic name | Middle East |
| General subdivision | History |
| Chronological subdivision | 20th century. |
| Source of heading or term | BUEsh |
| 9 (RLIN) | 37123 |
| 653 ## - INDEX TERM--UNCONTROLLED | |
| Resource For college | BAEPS, Political Science |
| Arrived date list | March2016 |
| 655 ## - INDEX TERM--GENRE/FORM | |
| Form subdivision | Reading book |
| 942 ## - ADDED ENTRY ELEMENTS (KOHA) | |
| Source of classification or shelving scheme | Dewey Decimal Classification |
| Koha item type | Book - Borrowing |
| Withdrawn status | Lost status | Source of classification or shelving scheme | Damaged status | Not for loan | Collection code | Home library | Current library | Shelving location | Date acquired | Source of acquisition | Cost, normal purchase price | Serial Enumeration / chronology | Total Checkouts | Total Renewals | Full call number | Barcode | Date last seen | Date checked out | Cost, replacement price | Koha item type |
|---|---|---|---|---|---|---|---|---|---|---|---|---|---|---|---|---|---|---|---|---|
| Dewey Decimal Classification | Baccah | Central Library | Central Library | Second Floor | 09/03/2016 | Purchase | 160.00 | 22353 | 1 | 14 | 956.04 BAR | 000039448 | 15/07/2025 | 19/10/2016 | 200.00 | Book - Borrowing |